Justicia cautelar e inteligencia artificial La alternativa a los atv̀icos heurs̕ticos judiciales /

Detalles Bibliográficos
Autor principal: Castellano, Pere Simn̤
Formato: eBook
Lenguaje:español
Publicado: Barcelona: J.M. Bosch Editor, 2021
Materias:
Acceso en línea:Acceso restringido

MARC

LEADER 00000nam a22000007a 4500
005 20220322200640.0
007 cr|||| ||||
008 220322s2021 es |||||s|||| 00||0 spa d
020 |a 978-84-123154-1-7 
035 |a 35628 
040 |a vLex 
090 |c 13067  |d 13067 
100 1 |a Castellano, Pere Simn̤ 
245 1 0 |a Justicia cautelar e inteligencia artificial  |h [Recurso electrn̤ico] :  |b La alternativa a los atv̀icos heurs̕ticos judiciales /  |c Pere Simn̤ Castellano 
256 |a Servicio en ln̕ea 
260 |a Barcelona:  |b J.M. Bosch Editor,  |c 2021 
300 |a 1 recurso electrn̤ico 
500 |a La administracin̤ de justicia ser ̀digital o no ser.̀ La pandemia del covid-19 ha vuelto a poner de manifiesto los males y miserias que aquejan a nuestro sistema judicial, que debe superar cuanto antes el debate acerca de la conveniencia de abrazar el avance tecnolg̤ico. La obra aborda en un ejercicio que compagina teora̕ y prc̀tica, una cuestin̤ de rabiosa actualidad y de necesidad indubitada como es la aplicacin̤ de los sistemas de IA para apoyar, en sentido afirmativo o negativo, la decisin̤ judicial que adopta la prisin̤ provisional, as ̕como sus efectos para los derechos fundamentales en juego. Con tal fin, la primera parte de la obra se centra en hacer un diagns̤tico revelador, un zum, de lo general a lo particular, analizando con un lenguaje atrevido y un estilo directo, cercano en ocasiones al ensayo, el alcance de la revolucin̤ digital y sus efectos sobre la Administracin̤ de Justicia y el proceso. La segunda parte del trabajo se centra en el anl̀isis de los sistemas expertos de inteligencia artificial judicial de valoracin̤ de riesgos (IAJVR) como alternativa a los atv̀icos heurs̕ticos o atajos intuitivos del juzgador, que hasta la fecha determinan la adopcin̤ de medidas cautelares limitativas de derechos, cuyo paradigma es sin lugar a duda la institucin̤ de la prisin̤ provisional. Es en este m̀bito en el que contar con sistemas de IAJVR puede ayudar a conjurar y objetivar el riesgo real que se pretende enervar con la imposicin̤ de tan singular medida. Por l︢timo, en la tercera parte el autor focaliza su atencin̤ en el empleo de los sistemas de IAJVR en el seno del proceso penal y la afectacin̤ que de ello puede derivarse sobre los derechos fundamentales en juego, tales como el derecho de defensa, el derecho al juez imparcial, la presuncin̤ de inocencia, la dignidad humana, el derecho a la intimidad, el derecho a la proteccin̤ de datos o el principio de publicidad procesal, incluyendo propuestas de factis ferenda sobre quiň y cm̤o debe controlar al algoritmo 
506 1 |a Disponible solo en los productos indicados  |d vLex Global  |d vLex Global (Academic Edition, excluding Law Schools)  |d vLex Global (U.S. Academic Edition, Law Schools)  |d vLex Global (U.S. Academic Edition, excluding Law Schools)  |d vLex Global (Academic Edition, Law Schools) 
650 0 4 |a Derecho Penal  |z Espaą 
650 0 4 |a Procedimiento Penal  |z Espaą 
650 0 4 |a Derecho de las Nuevas Tecnologa̕s  |z Espaą 
740 0 |a vLex Libros (Servicio en ln̕ea) 
856 4 0 |u https://app.vlex.com/#/sources/35628  |z Acceso restringido 
942 |c BOOK 
999 0 |a Criminal Law 
999 0 |a Criminal Procedure 
999 0 |a Law of New Technologies